00321 a2200097 4500040001300000082001800013100002800031245007900059260003700138500004800175 aDLCbDLC a954.91005 HAS aHassan Askari Rizvi Dr. aPakistan Studies: Lectures 1-7, PAK-301 (04 CD's)cDr. Hassan Askari Rizvi aLahorebVirtual Universityc2005 aLectures 1-7, 8-14, 15-20, 21-30, (04 CD's)